000 00399nam a2200133 a 4500
001 000031775
005 20200930063154.0
008 110701s2004 dr a 000 0 spa d
040 _aDO-SdBNP
_bspa
_cBNPHU
082 _axxxx
245 0 0 _aNatures Glow :
_binformación y gráfica nutricional, productos vitafore.
260 _a[Santo Domingo] :
_b[s. n.],
_c[19--?].
300 _a35 p. :
_bil. ;
_c21 cm.
999 _c31267
_d31267